| 000 | 00470pam a2200181 a 4500 | ||
|---|---|---|---|
| 020 |
_a8187540257 _c100.00 |
||
| 041 |
_aeng _hNULL |
||
| 082 |
_a616 _bKAN |
||
| 100 | _aKANDOI, M . | ||
| 245 |
_aTHE BASIC OF ARTHRITIS / _cNULL. _hTextual Documents |
||
| 260 |
_aNULL : _bTHE NATIONAL BOOK DEPOT , _c2003. |
||
| 300 |
_a194 ; _cA4. |
||
| 365 |
_a100.00 _e4 |
||
| 907 |
_a1484 _a1485 _a1486 _a1487 |
||
| 930 | _a307 | ||
| 999 |
_c794843 _d794843 |
||
| 650 | _aGEN.MEDICINE | ||